Welcome to WEB OPAC of MRSPTU Central Library

Principles of management (Record no. 5570)

MARC details
000 -LEADER
fixed length control field 00415nam a2200169Ia 4500
008 - FIXED-LENGTH DATA ELEMENTS--GENERAL INFORMATION
fixed length control field 230711s9999||||xx |||||||||||||| ||und||
020 ## - INTERNATIONAL STANDARD BOOK NUMBER
International Standard Book Number 978-93-5051-590-7
041 ## - LANGUAGE CODE
Language code of text/sound track or separate title ENG
082 ## - DEWEY DECIMAL CLASSIFICATION NUMBER
Classification number 658
Item number RA-M
100 ## - MAIN ENTRY--PERSONAL NAME
Personal name Ramasamy,T
245 #0 - TITLE STATEMENT
Title Principles of management
250 ## - EDITION STATEMENT
Edition statement 8th Ed.
260 ## - PUBLICATION, DISTRIBUTION, ETC.
Date of publication, distribution, etc. 2013
Place of publication, distribution, etc. Mumbai
Name of publisher, distributor, etc. Himalaya Publishing House
300 ## - PHYSICAL DESCRIPTION
Extent 366
650 ## - SUBJECT ADDED ENTRY--TOPICAL TERM
Topical term or geographic name entry element UNIVESITY BUSNIESS SCHOOL
942 ## - ADDED ENTRY ELEMENTS (KOHA)
Koha item type Book
Holdings
Withdrawn status Lost status Damaged status Not for loan Collection Home library Current library Date acquired Total checkouts Full call number Barcode Date last seen Date last checked out Price effective from Koha item type
          MRSPTU Central Library MRSPTU Central Library   8 658 RA-M 25124 01/08/2026 12/23/2025 08/17/2023 Book
          MRSPTU Central Library MRSPTU Central Library   6 658 RA-M 25125 01/08/2026 12/11/2025 08/17/2023 Book
          MRSPTU Central Library MRSPTU Central Library   4 658 RA-M 25126 01/08/2024 12/26/2023 08/17/2023 Book
          MRSPTU Central Library MRSPTU Central Library   5 658 RA-M 25127 01/12/2026 12/23/2025 08/17/2023 Book
          MRSPTU Central Library MRSPTU Central Library   3 658 RA-M 25128 01/05/2024 12/21/2023 08/17/2023 Book
          MRSPTU Central Library MRSPTU Central Library   3 658 RA-M 25129 01/08/2026 12/23/2025 08/17/2023 Book
          MRSPTU Central Library MRSPTU Central Library   2 658 RA-M 25130 12/11/2025 12/11/2025 08/17/2023 Book
          MRSPTU Central Library MRSPTU Central Library   2 658 RA-M 25131 01/03/2024 12/19/2023 08/17/2023 Book
          MRSPTU Central Library MRSPTU Central Library   1 658 RA-M 25132 11/29/2023 11/29/2023 08/17/2023 Book
          MRSPTU Central Library MRSPTU Central Library   5 658 RA-M 25133 01/08/2026 12/11/2025 08/17/2023 Book

Website Designed and Developed by MRSPTU Central Library Team

E-mail Id: librarian@mrsptu.ac.in